| 000 | 01001nam a22002895a 4500 | ||
|---|---|---|---|
| 005 | 20080522115808.0 | ||
| 008 | 080520s2008 nyu 000 0 eng | ||
| 010 | _aENG-97828 | ||
| 020 |
_c1000.00 _a9788178311838 |
||
| 035 | _aEN-81361 | ||
| 037 | _bDBAD/PUB | ||
| 040 | _aDPL | ||
| 082 | _a305.56880954 | ||
| 100 |
_92856 _aKrishnan, P.S. |
||
| 245 |
_aEmpowering dalits for empowering India a road- map / _cby P.S. Krishnan |
||
| 250 | _a. | ||
| 260 |
_aDelhi _bManak Publications _c2009 |
||
| 270 |
_aB-7, Saraswati Complex, Subhash Chwok, Laxmi Nagar, _bNew Delhi _e110092 |
||
| 300 |
_axxxii, 544p. _b23cm. (Hb) |
||
| 500 | _aIncludes index | ||
| 650 |
_aSongs, Hindi. _94279 |
||
| 650 |
_aHindustani music. _91187 |
||
| 700 | _94392 | ||
| 942 |
_2ddc _cEN _mKRI _h305.56880954 |
||
| 999 |
_c38803 _d38803 |
||